00578nmm a2200169Ia 4500008004100000020001800041041000800059100002600067245009700093264005500190300001800245650001400263700002600277700002600303700002800329856005100357251105s9999||||xx |||||||||||||||||und|| a9789560105134 aspa aVillafañe, Gabriela 0aDesafíos para una educación inclusiva: investigaciones y experiencias en Chile y Uruguay a[Santiago de Chile, Chile] :bRil editores, c2017 a172 páginas aEducation aVillafañe, Gabriela1 a Corrales, Angélica1 a Soto, Valentina (eds.) uhttps://public.digitaliapublishing.com/a/65289